[Event "Zuerich op"]
[Site "Zuerich"]
[Date "1995.??.??"]
[Round "1"]
[White "Ditzler, Juerg"]
[Black "Ekstroem, Roland"]
[Result "1/2-1/2"]
[WhiteElo "2200"]
[BlackElo "2435"]

1.d4 Nf6 2.Nf3 e6 3.c4 Bb4+ 4.Bd2 c5 5.Bxb4 cxb4 6.e3 O-O 7.a3 bxa3 8.Rxa3 d6
9.Nc3 Nc6 10.Be2 e5 11.O-O Bg4 12.h3 Bh5 13.d5 Bxf3 14.Bxf3 Nb4 15.Qd2 b6
16.Na2 Nxa2 17.Rxa2 Qc7 18.Rc1 a5 19.b4 axb4 20.Rxa8 Rxa8 21.Qxb4 e4 22.Be2 Nxd5
23.Qb2 Nf6 24.Rd1 Qc5 25.Rb1 Rb8 26.Qa2 Qc7 27.Qd2 h6 28.g4 Qc6 29.Bf1 Rd8
30.Qb4 Nd7 31.Bg2 Rb8 32.Rd1 Nc5 33.Qd2 Rd8 34.Qd4 Rd7 35.Kh2 Kf8 36.Kg1 f6
37.Kh2 Ke7 38.h4 Kf7 39.Kh3 g5 40.h5 Ke6 41.Kg3 d5 42.f4 gxf4+ 43.exf4 dxc4
44.Qxc4+ Ke7 45.Rxd7+ Qxd7 46.Bxe4 Qa4 47.Qxa4 Nxa4 48.Kh4 Nc5 49.Bf5 Ne6
50.Kg3 b5 51.Kf3 Nd4+ 52.Ke4 Nxf5 53.Kxf5 b4 54.Ke4 f5+ 55.gxf5 Kf6 56.Kd4 Kxf5
57.Kc4 Kg4 58.Kxb4 Kxh5 59.Kc3 Kg4 60.Kd3 Kxf4  1/2-1/2

[Event "Aarhus int"]
[Site "Aarhus"]
[Date "1996.??.??"]
[Round "1"]
[White "Jasnikowski, Zbigniew"]
[Black "Anka, Emil"]
[Result "1/2-1/2"]
[WhiteElo "2435"]
[BlackElo "2405"]

1.d4 Nf6 2.c4 e6 3.Nf3 Bb4+ 4.Bd2 Qe7 5.Nc3 Bxc3 6.Bxc3 Ne4 7.Qc2 Nxc3 8.Qxc3 O-O
9.g3 d6 10.Bg2 Nd7 11.O-O e5 12.e4  1/2-1/2

[Event "Andorra"]
[Site "Andorra"]
[Date "1996.??.??"]
[Round "2"]
[White "Kiselev, Sergey"]
[Black "Lorenzini, Martin"]
[Result "1/2-1/2"]
[WhiteElo "2545"]
[BlackElo "2295"]

1.d4 Nf6 2.c4 e6 3.Nf3 Bb4+ 4.Bd2 Qe7 5.g3 b6 6.Bg2 Bb7 7.O-O O-O 8.Bg5 d5
9.Ne5 h6 10.Bxf6 Qxf6 11.cxd5 Bxd5 12.Bxd5 exd5 13.Qb3 Bd6 14.Qxd5 c6 15.Qe4 Qe7
16.Qf5 Bxe5 17.dxe5 Nd7 18.f4 f6 19.exf6 Qe3+ 20.Kh1 Qxe2 21.Nc3 Qe8 22.Rae1 Qf7
23.Re6 Nxf6 24.Rxc6 Qb7 25.Qe6+ Kh8 26.Kg1 b5 27.Rc5 b4 28.Nb5 a6 29.Nd4 Rad8
30.Nb3 Rfe8 31.Qc6 Qa7 32.Kh1 Re2 33.Rc2 Rde8 34.Nc1 R2e6 35.Qf3 Re3 36.Qg2 Ng4
37.h3 Nf6 38.g4 Qe7 39.Kh2 Qe6 40.Rf3 Re4 41.Nd3 Qxa2 42.g5 hxg5 43.fxg5 Nh5
44.Rf8+ Rxf8 45.Qxe4 Qb3 46.Rg2 a5 47.g6 Nf6 48.Qh4+ Kg8 49.Ne5 Qd5 50.Nf7 Qh5
51.Qxh5 Nxh5 52.Rg5 Nf4 53.Rxa5 Nxg6 54.Ng5 Nf4 55.Rb5 Nd3 56.b3 g6 57.Rb6 Rf2+
58.Kg3 Rb2 59.Rxg6+ Kf8 60.Rf6+ Kg7 61.Rf3 Rxb3 62.Ne6+ Kh7  1/2-1/2

[Event "Asti op"]
[Site "Asti"]
[Date "1996.??.??"]
[Round "?"]
[White "Skembris, Spyridon"]
[Black "Kosten, Anthony C"]
[Result "1/2-1/2"]
[WhiteElo "2420"]
[BlackElo "2525"]

1.d4 Nf6 2.Nf3 e6 3.c4 Bb4+ 4.Bd2 Qe7 5.g3 Nc6 6.Bg2 Bxd2+ 7.Nbxd2 d6 8.O-O a5
9.e4 e5 10.d5 Nb8 11.Ne1 O-O 12.Nd3 Na6 13.a3 Bg4 14.f3 Bd7 15.b4 axb4 16.axb4 c6
17.dxc6 bxc6 18.Qb3 Nc7 19.Qc3 h5 20.Rxa8 Rxa8 21.Ra1  1/2-1/2

[Event "Asti op"]
[Site "Asti"]
[Date "1996.??.??"]
[Round "?"]
[White "Skembris, Spyridon"]
[Black "Arlandi, Ennio"]
[Result "1/2-1/2"]
[WhiteElo "2420"]
[BlackElo "2445"]

1.d4 Nf6 2.Nf3 e6 3.c4 Bb4+ 4.Bd2 c5 5.g3 b6 6.Bg2 Bb7 7.O-O O-O 8.Bc3 d6
9.b3 Bxc3 10.Nxc3 Ne4 11.Rc1 Nd7 12.Nxe4 Bxe4 13.Qd2 Nf6 14.Rfd1 Qb8 15.Qe3 Rd8
16.Rd2 Qc7 17.Rcd1 Kf8 18.Bh3 h6 19.Bg2 Bc6 20.h3 Rd7 21.dxc5 dxc5  1/2-1/2

[Event "GRE-chT"]
[Site "Athens"]
[Date "1996.??.??"]
[Round "6"]
[White "Metaxas, Petros"]
[Black "Pandavos, Emanouel"]
[Result "1/2-1/2"]
[WhiteElo "2205"]
[BlackElo "2330"]

1.d4 Nf6 2.Nf3 e6 3.c4 Bb4+ 4.Bd2 Qe7 5.Nc3 b6 6.g3 Bb7 7.Bg2 O-O 8.O-O Bxc3
9.Bxc3 Ne4 10.Rc1 d6 11.Qc2 Nxc3 12.Qxc3 Nd7 13.b4 a5 14.a3 Ra7 15.Nd2 Bxg2
16.Kxg2 e5 17.e3 Rfa8 18.b5 Re8 19.Nb3 Raa8 20.a4 h5 21.f3 Qf6 22.Rf2 Re7
23.c5 exd4 24.exd4 dxc5 25.dxc5 Qxc3 26.Rxc3 Rae8 27.c6 Nf6 28.Rd2 Re2+ 29.Kf1 Re1+
30.Kf2 Rb1 31.Rcd3 Kf8 32.Rd1 Rb2+ 33.R1d2 Rb1 34.h3 g6 35.Rd1 Rb2+ 36.R1d2 Rb1
37.Rd1 Rb2+ 38.R1d2 Rb1  1/2-1/2

[Event "AUT-chT2W 9596"]
[Site "Austria"]
[Date "1996.??.??"]
[Round "?"]
[White "Halasz, Tamas"]
[Black "Hertneck, Gerald"]
[Result "1/2-1/2"]
[WhiteElo "2365"]
[BlackElo "2595"]

1.d4 Nf6 2.Nf3 e6 3.c4 Bb4+ 4.Bd2 Qe7 5.g3 Nc6 6.Bg2 Bxd2+ 7.Nbxd2 d6 8.O-O a5
9.e4 e5 10.d5 Nb8 11.Ne1 O-O 12.Nd3 Na6 13.f4  1/2-1/2

[Event "AUT-chT9697"]
[Site "Austria"]
[Date "1996.??.??"]
[Round "2"]
[White "Stanec, Nikolaus"]
[Black "Petschar, Kurt"]
[Result "1/2-1/2"]
[WhiteElo "2505"]
[BlackElo "2270"]

1.d4 Nf6 2.Nf3 e6 3.c4 Bb4+ 4.Bd2 a5 5.g3 b6 6.Bg2 Bb7 7.O-O O-O 8.Nc3 d6
9.Qc2 Nbd7 10.Rfe1 Bxc3 11.Bxc3 Be4 12.Qa4 Qc8 13.Nd2 Bxg2 14.Kxg2 Qb7+ 15.e4 e5
16.d5 Nc5 17.Qd1 c6 18.a4 cxd5 19.cxd5 b5 20.axb5 Qxb5 21.Re3 a4 22.Qe2 Qxe2
23.Rxe2 Rfb8 24.f3 Nb3 25.Nxb3 Rxb3 26.Ra3 Rbb8 27.Re1 Nd7 28.Rea1 Nb6 29.Kf1 Kf8
30.Ke2 Rb7 31.Kd3 Rab8 32.R3a2 Nd7 33.Rc1 Ke7 34.Ke2 Nc5 35.Rc2 Rb3 36.Bd2 R3b5
37.Be3 g6 38.h4  1/2-1/2

[Event "AUT-chT2O 9697"]
[Site "Austria"]
[Date "1996.??.??"]
[Round "6"]
[White "Kummer, Helmut"]
[Black "Lechtynsky, Jiri"]
[Result "1/2-1/2"]
[WhiteElo "2290"]
[BlackElo "2425"]

1.d4 Nf6 2.c4 e6 3.Nf3 Bb4+ 4.Bd2 Qe7 5.Nc3 Bxc3 6.Bxc3 Ne4 7.Rc1 O-O 8.g3 Nxc3
9.Rxc3 d6 10.Bg2 c5 11.dxc5 dxc5 12.Ne5 Qc7 13.f4 Nd7 14.Nd3 Rb8 15.O-O a6
16.Qc1 b6 17.f5 exf5 18.Rxf5 Bb7 19.Bxb7 Qxb7 20.Nf4 Qe4 21.Nd5 Kh8 22.Rf2 Ne5
23.Qg5 Rfe8 24.Re3 Qd4 25.Rf4 Qd1+ 26.Kg2 h6 27.Rh4 Nd7 28.Rxh6+ gxh6 29.Qxh6+ Kg8
30.Qg5+ Kf8 31.Qh6+  1/2-1/2

[Event "AUT-chT9596"]
[Site "?"]
[Date "1996.??.??"]
[Round "?"]
[White "Postl, Anton"]
[Black "Petschar, Kurt"]
[Result "1/2-1/2"]
[WhiteElo "2305"]
[BlackElo "2285"]

1.d4 Nf6 2.Nf3 e6 3.c4 Bb4+ 4.Bd2 Qe7 5.Nc3 b6 6.g3 Bb7 7.Bg2 O-O 8.O-O d6
9.Rc1 Nbd7 10.d5 a5 11.Nd4 Nc5 12.Bg5 Bxc3 13.Rxc3 h6 14.Bxf6 Qxf6 15.e4 Rae8
16.Re1 e5 17.Nb3 Nxb3 18.Rxb3 Bc8 19.Rc3 Bd7 20.b3 Qg6 21.f4 f5 22.exf5 Qxf5
23.Rf3 exf4 24.Rxf4 Qg5 25.Rxe8 Rxe8 26.Qd2 Qe5 27.Rf2 Qe3 28.Qxe3 Rxe3 29.Rf3 Rxf3
30.Bxf3 Bf5 31.Be2 Bb1 32.a3 Ba2 33.b4 axb4 34.axb4 b5 35.c5 dxc5 36.bxc5 b4
37.d6 cxd6 38.cxd6 Kf7 39.Bg4 b3 40.d7 Ke7 41.Be6  1/2-1/2

[Event "AUT-chT9596"]
[Site "?"]
[Date "1996.??.??"]
[Round "?"]
[White "Kostic, V Vladimir"]
[Black "Stanec, Nikolaus"]
[Result "1/2-1/2"]
[WhiteElo "2325"]
[BlackElo "2490"]

1.d4 Nf6 2.c4 e6 3.Nf3 Bb4+ 4.Bd2 Qe7 5.Qc2 Bxd2+ 6.Nbxd2 d6 7.e4 e5 8.d5 O-O
9.Be2 Bg4 10.h3 Bxf3 11.Bxf3 Nbd7 12.O-O a5 13.b3 c6 14.g3 Rfc8 15.Qd1 Nc5
16.Qe2 Qc7 17.Bg2 Re8 18.Rfe1 Qb6 19.Qe3 Nfd7 20.h4 a4 21.Qc3 axb3 22.axb3 Rxa1
23.Rxa1 Na6 24.Bh3 Ndc5 25.Kg2 Nb4 26.Bg4 Ncd3 27.Rf1 Ra8 28.Be2 Nc5 29.Ra1 Rxa1
30.Qxa1 Nca6 31.Qc3 Qd4 32.Qxd4 exd4 33.f4 Nc5 34.Kf2 Kf8 35.Bf3 Nbd3+ 36.Kf1 Ke7
37.dxc6 bxc6 38.Be2 Nb4 39.Bd1 Nb7 40.h5 c5 41.Nf3 Na2 42.Ke1 Na5 43.Kd2 Nc6  1/2-1/2

[Event "AUT-chT9596"]
[Site "?"]
[Date "1996.??.??"]
[Round "?"]
[White "Farago, Ivan"]
[Black "Fauland, Alexander"]
[Result "1/2-1/2"]
[WhiteElo "2525"]
[BlackElo "2430"]

1.d4 Nf6 2.c4 e6 3.Nf3 Bb4+ 4.Bd2 c5 5.Bxb4 cxb4 6.g3 O-O 7.Bg2 d6 8.O-O Re8
9.Qb3 a5 10.Rd1 Nc6 11.d5 exd5 12.cxd5 Nb8 13.Nd4 Na6 14.Nd2 Bg4 15.Re1 Nc5
16.Qc2 Rc8 17.h3 Bd7 18.Rac1 Qb6 19.Nc4 Qa6 20.Qd1 Nfe4 21.e3 b5 22.Bxe4 Nxe4
23.Nd2 Rxc1 24.Qxc1 Nc5 25.Qc2 Qb7 26.Nc6 Bxc6 27.dxc6 Qxc6 28.Nb3 a4 29.Nd4 Qd5
30.Nxb5 Rb8 31.Rd1 Qxa2 32.Nxd6 Qb3 33.Qd2 g6 34.Ra1 Nd3 35.Ne4 Rc8 36.Rxa4 Rc2
37.Rxb4 Nxb4 38.Qd8+ Kg7  1/2-1/2

[Event "AUT-chT9596"]
[Site "?"]
[Date "1996.??.??"]
[Round "?"]
[White "Schroll, Gerhard"]
[Black "Wach, Markus"]
[Result "1-0"]
[WhiteElo "2380"]
[BlackElo "2380"]

1.d4 Nf6 2.c4 e6 3.Nf3 Bb4+ 4.Bd2 Qe7 5.g3 b6 6.Bg2 Bb7 7.O-O Bxd2 8.Qxd2 O-O
9.Nc3 d6 10.Rfe1 Ne4 11.Qd3 Nxc3 12.Ng5 Qxg5 13.Bxb7 Nd7 14.Bxa8 Nxe2+ 15.Qxe2 Rxa8
16.Qf3 Qd8 17.Rad1 a5 18.b3 Rb8 19.Qc6 Nf6 20.f4 d5 21.Re5 g6 22.Kg2 a4 23.Re2 axb3
24.axb3 Ra8 25.Rdd2 Kg7 26.c5 bxc5 27.dxc5 Qb8 28.b4 Ne4 29.Rxe4 dxe4 30.Qxe4 c6
31.Rd7 Ra2+ 32.Kh3 Qb5 33.Qxe6 Qf1+ 34.Kg4 Kh6 35.Qxa2 f5+ 36.Kh4 Qf3 37.Kh3  1-0

[Event "AUT-chT2S 9596"]
[Site "AUT"]
[Date "1996.??.??"]
[Round "?"]
[White "Fassl, Erich"]
[Black "Thaler, Heimo"]
[Result "1/2-1/2"]
[WhiteElo "2250"]
[BlackElo "2165"]

1.d4 Nf6 2.c4 e6 3.Nf3 Bb4+ 4.Bd2 a5 5.g3 b6 6.Bg2 Bb7 7.O-O Bxd2 8.Qxd2 O-O
9.Nc3 Ne4 10.Qe3 Nxc3 11.Qxc3 d6 12.Rad1 f5 13.Ne1 Bxg2 14.Nxg2 Qf6 15.f4 Nd7
16.Rfe1 Qg6 17.Nh4 Qg4 18.Qf3 Qh3 19.e4 fxe4 20.Qxe4 Rae8 21.Nf3 Nf6 22.Qc2 Qg4
23.Kg2 Nh5 24.Re3 Nxf4+ 25.Kh1 Nh3 26.Qe2 Rf6 27.d5 e5 28.Rd4 e4 29.Nd2 Nf2+
30.Kg1 Nh3+ 31.Kh1  1/2-1/2

[Event "Wch Seniors"]
[Site "Bad Liebenzell"]
[Date "1996.??.??"]
[Round "3"]
[White "Kraidman, Yair"]
[Black "Groenegress, Wilfried"]
[Result "1/2-1/2"]
[WhiteElo "2380"]
[BlackElo "2200"]

1.d4 Nf6 2.c4 e6 3.Nf3 Bb4+ 4.Bd2 Qe7 5.e3 Bxd2+ 6.Qxd2 d6 7.Nc3 e5 8.Qc2 Bg4
9.Be2 O-O 10.Ng5 g6 11.dxe5 dxe5 12.Nge4 Bxe2 13.Nxf6+ Qxf6 14.Kxe2 Na6 15.Rad1 Rfd8
16.Nd5 Qe6 17.Qe4 c6 18.Nc3 Nc5 19.Qh4 Rxd1 20.Rxd1 a5 21.b3 Re8 22.Ne4 Nxe4
23.Qxe4 Qe7 24.Qd3 Qc5 25.Qd6 Qxd6 26.Rxd6 Kf8 27.Kd3 Ke7 28.c5 Rd8 29.Rxd8 Kxd8
30.Ke4 f6 31.g4 Ke7 32.g5 Ke6 33.gxf6 Kxf6 34.Kf3 Kg5 35.Ke4 Kf6 36.h4 Ke6
37.a3 Kf6 38.Kf3 Kf5 39.e4+ Kf6 40.Kg3 g5 41.h5 h6  1/2-1/2

[Event "Wch Seniors"]
[Site "Bad Liebenzell"]
[Date "1996.??.??"]
[Round "7"]
[White "Fronczek, Heinrich"]
[Black "Bouwmeester, Hans"]
[Result "1/2-1/2"]
[WhiteElo "2275"]
[BlackElo "2410"]

1.d4 Nf6 2.c4 e6 3.Nf3 Bb4+ 4.Bd2 Qe7 5.g3 Nc6 6.a3 Bxd2+ 7.Qxd2 Ne4 8.Qc2 d5
9.Bg2 O-O 10.O-O a5 11.Nc3 Nxc3 12.Qxc3 Rd8 13.Rac1 Bd7 14.Rfe1 f5 15.e3 Be8
16.cxd5 exd5 17.Nh4 Qf7 18.Rc2 Ne7 19.Qb3 a4 20.Qb4 Nc6 21.Qc3 Ne7 22.Qb4 Nc6
23.Qd2 Na7 24.Rc5 c6 25.Qd3 g6 26.Nf3 Nb5 27.Ne5 Qe7 28.Rc2 Nd6  1/2-1/2

[Event "Balatonbereny op"]
[Site "Balatonbereny"]
[Date "1996.??.??"]
[Round "5"]
[White "Peter, Ambrus"]
[Black "Eisterer, Heinrich"]
[Result "1/2-1/2"]
[WhiteElo "2415"]
[BlackElo "2340"]

1.d4 Nf6 2.c4 e6 3.Nf3 Bb4+ 4.Bd2 a5 5.g3 d6 6.Bg2 Nbd7 7.O-O e5 8.Qc2 Bxd2
9.Qxd2 O-O 10.Nc3 c6 11.e4 Qc7 12.Rab1 Re8 13.b3 Nf8 14.h3 Ne6 15.Rfe1 Bd7
16.d5 cxd5 17.Nxd5 Nxd5 18.Qxd5 Bc6 19.Qd2  1/2-1/2

[Event "Balatonbereny IM-B"]
[Site "Balatonbereny"]
[Date "1996.??.??"]
[Round "8"]
[White "Farago, Sandor"]
[Black "Eperjesi, Laszlo"]
[Result "1/2-1/2"]
[WhiteElo "2365"]
[BlackElo "2395"]

1.d4 Nf6 2.c4 e6 3.Nf3 Bb4+ 4.Bd2 a5 5.Nc3 b6 6.g3 Ba6 7.b3 c6 8.a3 Be7 9.e4 d5
10.Qc2 a4 11.cxd5 axb3 12.Qxb3 exd5 13.Bxa6 Rxa6 14.Ne5 O-O 15.exd5 Nxd5
16.O-O Nxc3 17.Bxc3 Qd5 18.Qb2 Nd7 19.Nxd7 Qxd7 20.d5 f6 21.dxc6 Qxc6 22.Qb3+ Kh8
23.Bb4 Bxb4  1/2-1/2

[Event "Barbera op"]
[Site "Barbera"]
[Date "1996.??.??"]
[Round "7"]
[White "Johansson, Jan"]
[Black "Cantero, Antonio"]
[Result "1-0"]
[WhiteElo "2365"]
[BlackElo "2265"]

1.d4 Nf6 2.Nf3 e6 3.c4 Bb4+ 4.Bd2 Qe7 5.g3 O-O 6.Bg2 d5 7.Qc2 c5 8.Bxb4 cxb4
9.Nbd2 Nc6 10.O-O Bd7 11.e4 Nxe4 12.Nxe4 dxe4 13.Qxe4 Rac8 14.Rfe1 Rfd8 15.d5 Na5
16.b3 Qf6 17.Ne5 Be8 18.Bh3 Qh6 19.Qg2 Rc7 20.Rad1 exd5 21.Ng4 Qb6 22.cxd5 Rc2
23.Qe4 Rcc8 24.Nh6+ gxh6 25.Bxc8  1-0

[Event "Foment Martinenc op"]
[Site "Barcelona"]
[Date "1996.??.??"]
[Round "3"]
[White "Yepes Martinez, Eduard"]
[Black "Hernando Rodrigo, Jose Maria"]
[Result "1/2-1/2"]
[WhiteElo "2335"]
[BlackElo "2280"]

1.d4 Nf6 2.c4 e6 3.Nf3 Bb4+ 4.Bd2 Qe7 5.g3 Nc6 6.a3 Bxd2+ 7.Nbxd2 d6 8.Bg2 e5
9.d5 Nb8 10.h3 e4 11.Nd4 e3 12.fxe3 Qxe3 13.Nf1 Qe5 14.Qd3 O-O 15.O-O-O Nbd7
16.g4 Nc5 17.Qc2 Bd7 18.Nf3 Qe7 19.b3 b5 20.b4 Nce4 21.Rd4 Rfe8 22.e3 h6
23.N3d2 Nxd2 24.Kxd2 a5 25.c5 axb4 26.c6 Bc8 27.axb4 Ra4 28.Bf3 Ra3 29.Rd3 Ne4+
30.Ke2 Ra1 31.Rg1 Qh4 32.Bxe4 Rxe4 33.Rd1 Rxd1 34.Qxe4 Re1+ 35.Kd3 Qf2 36.Qe8+ Kh7
37.Qxc8 Qxg1 38.Qf5+ Kg8 39.Qc8+ Kh7 40.Qf5+ Kg8  1/2-1/2

[Event "Oberliga Bayern9697"]
[Site "Bayern"]
[Date "1996.??.??"]
[Round "?"]
[White "Pohl Kuemmel, Jens Uwe"]
[Black "Zlochevskij, Alexander"]
[Result "0-1"]
[WhiteElo "2260"]
[BlackElo "2415"]

1.d4 e6 2.Nf3 Nf6 3.c4 Bb4+ 4.Bd2 a5 5.g3 b6 6.Bg2 Bb7 7.O-O O-O 8.Bg5 Be7
9.Nc3 Ne4 10.Nxe4 Bxe4 11.Bxe7 Qxe7 12.Qd2 d6 13.Rfd1 Nd7 14.Rac1 f5 15.Qe3 Rae8
16.Bf1 e5 17.dxe5 Nxe5 18.Nxe5 Qxe5 19.Qd4 Qe7 20.e3 Rf6 21.Bg2 Kf8 22.Rd2 Qe6
23.Rcd1 Qf7 24.Qc3 Qh5 25.h4 Bf3 26.Bxf3 Qxf3 27.Rd4 Rg6 28.R1d3 Re4 29.Rxe4 Qxe4
30.Qd4 Re6 31.Qxe4 Rxe4 32.b3 Ke7 33.Kg2 a4 34.Kf3 g6 35.Rc3 axb3 36.axb3 Re5
37.Kf4 h6 38.Kf3 Ra5 39.e4 Kf6 40.Rd3 Ra2 41.exf5 Kxf5 42.Rd5+ Ke6 43.Ke3 c5
44.Rd3 b5 45.Rc3 Ra3 46.cxb5 Ra5 47.Kd3 Rxb5 48.Kc2 Rb4 49.Re3+ Kf5 50.Rd3 Ke5
51.Kc3 Re4 52.Rf3 Ke6 53.Kd3 Re5 54.g4 h5 55.Rg3 Rd5+ 56.Kc3 Rd4 57.f3 Rf4
58.Kd3 Kd7 59.Kc3 Kc6 60.Kd3 Kb5 61.Kc3 d5 62.Kb2 d4 63.Kc2 Kb4 64.gxh5 gxh5
65.Rg8 Rxf3 66.Rb8+ Ka5 67.Ra8+ Kb6 68.Rb8+ Kc6 69.Rc8+ Kd5  0-1

[Event "Regionalliga NW9596"]
[Site "Bayern"]
[Date "1996.??.??"]
[Round "?"]
[White "Schumacher, Albrecht"]
[Black "Chloupek, Stanislav"]
[Result "0-1"]
[WhiteElo "2125"]
[BlackElo "2270"]

1.d4 Nf6 2.c4 e6 3.Nf3 Bb4+ 4.Bd2 Qe7 5.g3 Nc6 6.Bg2 Bxd2+ 7.Nbxd2 d6 8.O-O O-O
9.e4 e5 10.d5 Nb8 11.Ne1 a5 12.Nd3 Na6 13.h3 c6 14.dxc6 bxc6 15.Qc2 Nd7 16.a3 Ndc5
17.Nxc5 Nxc5 18.b4 Ne6 19.Nf3 Bd7 20.Rfb1 c5 21.b5 Qd8 22.a4 Qb6 23.h4 Nd4
24.Qd3 Bg4 25.Nd2 Rad8 26.Kh2 f5 27.exf5 Bxf5 28.Be4 Bxe4 29.Nxe4 Rf3 30.Qd2 Rdf8
31.Rf1 Qd8 32.Kg2 d5 33.cxd5 Qxd5 34.Rae1 c4 35.Re3 Rxe3 36.Qxe3 Rf3 37.Qe1 c3
38.Kg1 c2 39.Ng5 c1=Q 40.Qxc1 Ne2+  0-1

[Event "Regionalliga NW9596"]
[Site "Bayern"]
[Date "1996.??.??"]
[Round "?"]
[White "Assmann, Thomas"]
[Black "Staeblein, Christoph"]
[Result "1-0"]
[WhiteElo "2290"]
[BlackElo "2055"]

1.d4 e6 2.Nf3 Nf6 3.c4 Bb4+ 4.Bd2 Qe7 5.g3 Nc6 6.Nc3 O-O 7.Bg2 d6 8.d5 Nb8
9.dxe6 fxe6 10.O-O Bxc3 11.Bxc3 Ne4 12.Be1 a5 13.Nd4 Nc5 14.Rc1 Bd7 15.Rc3 Nba6
16.Ra3 Nb4 17.Nc2 Nc6 18.Bxc6 Bxc6 19.Rxa5 Rxa5 20.Bxa5 Ne4 21.f3 Qg5 22.Qe1 Qc5+
23.Kg2 Qxc4 24.Na3 Qd5 25.Nb1 Nf6 26.Bxc7 Qxa2 27.Bxd6 Rf7 28.Qc1 Nd5 29.e4 Nf6
30.Nd2 h6 31.Be5 Nd7 32.Bd4 Qa4 33.Qc3 Qb5 34.Nc4 Rf8 35.Bxg7 Rf7 36.Bxh6  1-0

[Event "Regionalliga SO9697"]
[Site "Bayern"]
[Date "1996.??.??"]
[Round "?"]
[White "Koenig, Bernhard"]
[Black "Kohout, Peter"]
[Result "1/2-1/2"]
[WhiteElo "2160"]
[BlackElo "2275"]

1.d4 Nf6 2.c4 e6 3.Nf3 Bb4+ 4.Bd2 Qe7 5.g3 O-O 6.Bg2 d5 7.O-O Nbd7 8.Bf4 Bd6
9.c5 Bxf4 10.gxf4 c6 11.Nc3 Ng4 12.b4 b6 13.Ne5 Ngxe5 14.fxe5 f6 15.exf6 Rxf6
16.e4 Rg6 17.exd5 Qg5 18.Qf3 exd5 19.Rfe1 Nf6 20.Re5 Qh4 21.Ne2 Bh3 22.Nf4 Bxg2
23.Nxg6 Qxd4 24.Qd1 Qxd1+ 25.Rxd1 Bf3 26.Ne7+ Kf7 27.Rde1 d4  1/2-1/2

[Event "Lee Cup"]
[Site "Beijing"]
[Date "1996.??.??"]
[Round "5"]
[White "Zhang Weida"]
[Black "Gamsa, Mark"]
[Result "1-0"]
[WhiteElo "2290"]
[BlackElo "1605"]

1.Nf3 Nf6 2.c4 e6 3.d4 Bb4+ 4.Bd2 c5 5.Bxb4 cxb4 6.g3 b6 7.Bg2 Bb7 8.Qb3 a5
9.O-O O-O 10.a3 Na6 11.Nbd2 Qe7 12.Ne1 Bxg2 13.Kxg2 d6 14.Nc2 bxa3 15.Qxa3 Nc7
16.b4 e5 17.Qc3 a4 18.dxe5 dxe5 19.Nf3 Nd7 20.Rfd1 Rfc8 21.Qd2 Nf6 22.Qe3 Nd7
23.Rd2 Ra7 24.Rad1 Ne8 25.Na3 f6 26.Nd4 Nf8 27.Ndb5 Rb7 28.Qe4 Ne6 29.e3 Kh8
30.Nd6 Nxd6 31.Rxd6 Nf8 32.Qd5 Rbb8 33.Rd2 h6 34.h4 h5 35.Qf3 Qe8 36.Qf5 Qg6
37.e4 Qf7 38.R2d5 Re8 39.Nb5 Rbc8 40.Rxb6 a3 41.Nd6  1-0

[Event "DVM U20"]
[Site "Berlin"]
[Date "1996.??.??"]
[Round "3"]
[White "Dimitrijeski, Kristian"]
[Black "Kitte, Sebastian"]
[Result "0-1"]
[WhiteElo "2170"]
[BlackElo "2305"]

1.d4 Nf6 2.c4 e6 3.Nf3 Bb4+ 4.Bd2 a5 5.a3 Bxd2+ 6.Nbxd2 d6 7.e3 Nc6 8.Qc2 Qe7
9.Bd3 O-O 10.O-O Bd7 11.Rfd1 a4 12.Ne4 Nxe4 13.Bxe4 f5 14.Bxc6 Bxc6 15.d5 Bd7
16.dxe6 Bxe6 17.Nd4 Bd7 18.Rac1 b6 19.Nb5 Bc6 20.Nc3 Ra5 21.Nd5 Qf7 22.Qd2 Rc5
23.Nb4 Bb7 24.Qd4 Re8 25.Qc3 b5 26.Rd4 Qg6 27.g3 Re4 28.Rxe4 Bxe4 29.Qe1 Qg4  0-1

[Event "Berliner Sommer"]
[Site "Berlin"]
[Date "1996.??.??"]
[Round "5"]
[White "Kacheishvili, Giorgi"]
[Black "Wilhelmi, Christian"]
[Result "1-0"]
[WhiteElo "2515"]
[BlackElo "2355"]

1.d4 Nf6 2.Nf3 e6 3.c4 Bb4+ 4.Bd2 Qe7 5.g3 Nc6 6.Bg2 Bxd2+ 7.Nbxd2 d6 8.O-O O-O
9.e4 e5 10.d5 Nb8 11.Ne1 a5 12.f4 Na6 13.f5 Nc5 14.g4 g5 15.h4 h6 16.hxg5 hxg5
17.Qf3 Ncd7 18.Kf2 Nh7 19.Rh1 f6 20.Rh6 Rf7 21.Qh3 Kf8 22.Nd3 Ke8 23.Rh1 Nhf8
24.Rh8 Rg7 25.Bf3 Qf7 26.Bd1 Ke7 27.Qe3 b6 28.Ba4 Nc5 29.Bc6 Ra7 30.Nxc5 dxc5
31.Nb1 Kd6 32.Nc3 Ba6 33.b3 Qe7 34.R1h6  1-0

[Event "Berliner Sommer"]
[Site "Berlin"]
[Date "1996.??.??"]
[Round "6"]
[White "Timoshchenko, Gennadi A"]
[Black "Gipslis, Aivars"]
[Result "1-0"]
[WhiteElo "2530"]
[BlackElo "2470"]

1.d4 Nf6 2.c4 e6 3.Nf3 Bb4+ 4.Bd2 Qe7 5.g3 Nc6 6.Nc3 Bxc3 7.Bxc3 Ne4 8.Rc1 d6
9.d5 Nxc3 10.Rxc3 Nd8 11.Bg2 O-O 12.O-O e5 13.c5 f5 14.cxd6 cxd6 15.e3 Nf7
16.Qb3 Rb8 17.Rfc1 Bd7 18.Rc7 Rfc8 19.R1c3 Qd8 20.Rxb7 Rxb7 21.Qxb7 Rb8 22.Qxa7 Rxb2
23.Rb3 Rxb3 24.axb3 Kf8 25.Bf1 Ke8 26.b4 Qc8 27.b5 Nd8 28.Nd2 Qb7 29.Qxb7 Nxb7
30.b6 Kd8 31.f4 exf4 32.exf4 Kc8 33.Ba6 Kb8 34.Bxb7 Kxb7 35.Nc4 g6 36.Kf2 Bb5
37.Nxd6+ Kxb6 38.Ke3  1-0

[Event "Bern Cup"]
[Site "Bern"]
[Date "1996.??.??"]
[Round "5"]
[White "Zueger, Beat"]
[Black "Kindermann, Stefan"]
[Result "1/2-1/2"]
[WhiteElo "2465"]
[BlackElo "2575"]

1.d4 e6 2.c4 Nf6 3.Nf3 Bb4+ 4.Bd2 Qe7 5.g3 Nc6 6.Nc3 Bxc3 7.Bxc3 Ne4 8.Rc1 d6
9.Bg2 O-O 10.d5 Nd8 11.dxe6 Nxe6 12.Bb4 c5 13.Ba3 Bd7 14.O-O Bc6 15.b3 f5
16.Bb2 f4 17.Qd3 N6g5 18.Rcd1 Rad8 19.Bc1 fxg3 20.fxg3 Nf7 21.Bb2 Nh6 22.Nh4 Rxf1+
23.Rxf1 Rf8  1/2-1/2

[Event "Bern op"]
[Site "Bern"]
[Date "1996.??.??"]
[Round "7"]
[White "Polak, Tomas"]
[Black "Tkitek, M."]
[Result "1-0"]
[WhiteElo "2440"]
[BlackElo "2000"]

1.d4 Nf6 2.c4 e6 3.Nf3 Bb4+ 4.Bd2 Qe7 5.g3 c6 6.Bg2 O-O 7.O-O Bxd2 8.Nbxd2 d5
9.Qc2 Nbd7 10.e4 dxe4 11.Nxe4 b6 12.Ne5 Nxe5 13.dxe5 Nd7 14.f4 Nc5 15.Ng5 g6
16.Bxc6 Bb7 17.Bxb7 Nxb7 18.Ne4 Rac8 19.b3 Kg7 20.Rfd1 h5 21.Rd2 h4 22.g4 Qe8
23.Rad1 Qc6 24.f5 Nc5 25.f6+ Kg8 26.Ng5 Nb7 27.Rd7 Qc5+ 28.Qf2 Rcd8 29.Qxc5 bxc5
30.Kf2 a5 31.Ke2 Rb8 32.Rc7 a4 33.bxa4 Nd8 34.Rxc5 Rb2+ 35.Rd2 Rb4 36.Rc8 Nb7
37.Rxf8+ Kxf8 38.Rd7 Rb2+ 39.Ke3  1-0

[Event "Biel op MTO"]
[Site "Biel"]
[Date "1996.??.??"]
[Round "5"]
[White "Henley, Ron W"]
[Black "Wahls, Matthias"]
[Result "1/2-1/2"]
[WhiteElo "2465"]
[BlackElo "2540"]

1.d4 Nf6 2.c4 e6 3.Nf3 Bb4+ 4.Bd2 Qe7 5.g3 Nc6 6.Nc3 Bxc3 7.Bxc3 Ne4 8.Rc1 O-O
9.Bg2 d6 10.d5 Nd8 11.Bb4 a5 12.Ba3 e5 13.Nd2 Nc5 14.O-O f5 15.f4 exf4 16.gxf4 Qe3+
17.Rf2 Nf7 18.Nf1 Qe7 19.b3 Nh6 20.h3 Kh8 21.Bb2 Ng8 22.Rc3 Nf6 23.Rg3 Rf7
24.Qd4 Bd7 25.Nd2 Re8 26.Bf3 Kg8 27.Rfg2 Kf8 28.Kh2 b6 29.Qg1 g6 30.Bd4 Nce4
31.Bxe4 Nxe4 32.Nxe4 fxe4 33.e3  1/2-1/2

[Event "Biel op MTO"]
[Site "Biel"]
[Date "1996.??.??"]
[Round "10"]
[White "Avrukh, Boris"]
[Black "Sokolov, Andrei"]
[Result "1/2-1/2"]
[WhiteElo "2500"]
[BlackElo "2585"]

1.d4 Nf6 2.c4 e6 3.Nf3 Bb4+ 4.Bd2 Qe7 5.g3 O-O 6.Bg2 a5 7.O-O Bxd2 8.Qxd2 d6
9.Nc3 e5 10.e4 Bg4 11.Ne1 Nc6 12.Nc2 Nxd4 13.Nxd4 exd4 14.Qxd4 Qe5 15.Qd3 Rfe8
16.b3 Bd7 17.Rac1 Bc6 18.Rfe1 Nd7 19.Re3  1/2-1/2

[Event "Bled op-B"]
[Site "Bled"]
[Date "1996.??.??"]
[Round "6"]
[White "Galeev, Shamil"]
[Black "Kovacic, Peter"]
[Result "1/2-1/2"]
[WhiteElo "2275"]
[BlackElo "2140"]

1.d4 Nf6 2.c4 e6 3.Nf3 Bb4+ 4.Bd2 Qe7 5.a3 Bxd2+ 6.Nfxd2 Nc6 7.e3 a5 8.Nc3 d6
9.Rc1 e5 10.Nd5 Qd8 11.Nf3 O-O 12.Be2 Bf5 13.O-O Re8 14.Re1 Be4 15.dxe5 Nxe5
16.Nc3 Bxf3 17.gxf3 h6 18.f4 Ng6 19.Bf3 c6 20.b4 axb4 21.axb4 Nh4 22.Bh1 Qd7
23.e4 g6 24.Re3 Nh5 25.f5 Qe7 26.Qg4 Qg5 27.Qxg5 hxg5 28.b5 gxf5 29.bxc6 bxc6
30.Rg3 Nxg3 31.hxg3 Ng6 32.exf5 Ne5 33.Ne4 Red8 34.Nxg5 Ra4 35.f4 Rxc4 36.Rxc4 Nxc4
37.Bxc6 d5 38.Nf3 d4 39.Bb5 Nb2 40.Kf2 d3 41.Nd2 Nd1+ 42.Kf3 Rb8 43.Bxd3 Rd8
44.Ke2 Nc3+ 45.Ke3 Nd1+  1/2-1/2

[Event "EUCup Gr7"]
[Site "Bratislava"]
[Date "1996.??.??"]
[Round "2"]
[White "Ilincic, Zlatko"]
[Black "Arkell, Keith C"]
[Result "1-0"]
[WhiteElo "2520"]
[BlackElo "2545"]

1.d4 Nf6 2.c4 e6 3.Nf3 Bb4+ 4.Bd2 Qe7 5.g3 Nc6 6.Bg2 Bxd2+ 7.Nbxd2 d6 8.O-O a5
9.e4 e5 10.d5 Nb8 11.Ne1 h5 12.Nef3 Bg4 13.Qb3 b6 14.Qe3 Bxf3 15.Nxf3 Nbd7
16.Nh4 Ng4 17.Qe2 g6 18.Bh3 Ndf6 19.f3 Nh6 20.Qd2 Kf8 21.Rae1 Kg7 22.f4 exf4
23.gxf4 Nxe4 24.Qd4+ Kh7 25.Nf3  1-0